00764nam a2200193 a 450000100100000000500170001000800410002702000180006804000250008608200150011110000400012624500840016626000660025030000270031650000630034350000740040650000600048050400300054000004600320201002052556.0150610s2015 dr a 000 0 spa d a9789945082920 aDO-SdBNPbspacBNPHU axxxxbxxxx1 aHernández Figuroa, Alfredo Rafael13aEl militarismo en la sociedad dominicana /cAlfredo Rafael Hernández Figuroa. aLa Vega, República Dominicana :bEdiciones Alfredos,c2015. a46 p. :bil. ;c20 cm. aLa biblioteca posee 2 ejemplares autografiado por el autor aIncluye referencias bibliográficas y notas al pie de las páginas. aCincuenta años en la educación y el arte de La Vega aBibliografía : p. 45-46